Muzyka rockowa z przełomu tysiącleci - Statystyki

Ogólne statystyki
  • Ten quiz został rozwiązany 1 286 razy
    1 170 od ostatniego zresetowania
  • Średni wynik to 22 z 75
Statystyki odpowiedzi
Piosenka Wykonawca % Poprawnych
Thunderstruck AC/DC
89%
It's My Life Bon Jovi
85%
Always Saliva/Bon Jovi
85%
Whiskey In The Jar Metallica
76%
Zombie The Cranberries
74%
Zanim Pójdę Happysad
68%
November Rain Guns N' Roses
67%
Dzieci Wybiegły Elektryczne Gitary
64%
Toxicity System Of A Down
64%
Boulevard of Broken Dreams Green Day
62%
In Bloom Nirvana
62%
Baranek KULT
61%
Losing My Religion R.E.M
61%
Bring Me To Life Evanescence
54%
Policeman Jamal
50%
How You Remind Me Nickelback
50%
Mamona Republika
49%
One Step Closer Linkin Park
45%
Dani California Red Hot Chili Peppers
45%
Psychosocial Slipknot
45%
Sex On Fire Kings Of Leon
44%
King T.Love
44%
Rollin' Limp Bizkit
43%
Black Hole Sun Soundgarden
42%
Freak On A Leash Korn
40%
Yellow Coldplay
39%
Na Jednej Z Dzikich Plaż Rotary
39%
All Star Smash Mouth
38%
The Pretender Foo Fighters
37%
Los, Cebula i Krokodyle Łzy Coma
35%
Jeremy Pearl Jam
34%
Man In The Box Alice In Chains
32%
Down With The Sickness Disturbed
31%
Why Don't You Get A Job? The Offspring
31%
Walk Pantera
30%
I Hate Everything About You Three Days Grace
29%
99 Luftballons Nena
23%
Like A Stone Audioslave
21%
Bodies Drowning Pool
21%
Dragula Rob Zombie
21%
Through The Fire And Flames Dragonforce
19%
Are You Gonna Be My Girl? Jet
17%
The Kill (Bury Me) Thirty Seconds To Mars
17%
Rock&Rollin' Love Afromental
16%
Whispers In The Dark Skillet
16%
Kryptonite 3 Doors Down
15%
The Beautiful People Marylin Manson
15%
The Diary Of Jane Breaking Benjamin
13%
Open Your Eyes Guano Apes
12%
The Reason Hoobastank
12%
Youth Of The Nation P.O.D
12%
I Stand Alone Godsmack
11%
Aicha Magma/Khaled
11%
Beelzeboss Tenacious D
11%
Undead Hollywood Undead
10%
Chryzantemy Złociste Kury
10%
Zabij Się Łzy
10%
With Arms Wide Open Creed
9%
Plush Stone Temple Pilots
9%
Vicarious Tool
8%
Die MF Die Dope
7%
Pull Me Under Dream Theater
7%
Beast And A Harlot Avenged Sevenfold
5%
Hero (Spiderman OST) Chad Kroeger feat. Josey Scott
5%
Bother Stone Sour
5%
Headstrong Trapt
5%
Mr. Jones Counting Crows
4%
Paralyzer Finger Eleven
4%
It's Been Awhile Staind
4%
One For The Money Escape The Fate
3%
Pardon Me Incubus
3%
Words As Weapons Seether
3%
45 Shinedown
3%
The Heart From Your Hate Trivium
3%
The State Of Massachusetts Dropkick Murphys
2%
Nie znaleziono quizów pasujących do podanych kryteriów
Rozkład punktacji
Procent ludzi z każdym wynikiem
Percentyl według liczby udzielonych odpowiedzi
Twoja historia wyników
Nie rozwiązałeś tego quizu od ostatniego zresetowania